Llwytho...

Vivarthanathinte Bhashasastra Bhumika

Manylion Llyfryddiaeth
Prif Awdur: Prabodhachandran Nair, V. R.
Fformat: Printed Book
Cyhoeddwyd: TVPM State Institute of Language 1974
Pynciau:
LEADER 00546nam a2200181 4500
020
082 |a 418.02 PRA 
100 |a Prabodhachandran Nair, V. R. 
245 |a Vivarthanathinte Bhashasastra Bhumika  |h Malayalam 
250
260 |a TVPM  |b State Institute of Language  |c 1974 
300 |a 95 P  |b RB  |f Book 
500
650 |a Translation 
700
942 |c TB 
999 |c 266602  |d 266602 
952 |0 0  |1 0  |4 0  |6 418_020000000000000_PRA  |7 0  |9 283323  |a LIN  |b LIN  |d 2007-07-05  |l 1  |o 418.02 PRA  |p LIN5952  |q 2020-11-25  |r 2020-11-11  |s 2020-11-11  |w 2020-02-06  |y TB